Redes de computadoras

Bibliographic Details
Main Author: Tittel, Ed.
Format: Section = Libro
Language:Undetermined
Spanish
Published: España McGraw-Hill 2004
Subjects:
LEADER 00657nam a2200217Ia 4500
008 240829s9999 xx 000 0 und d
020 |a 84-481-4280-2 
040 |a BIBLIOTECA-RUPAP 004.65 T622 
041 |a spa 
082 |a 004.65 T622 
100 1 |a Tittel, Ed. 
245 1 0 |a Redes de computadoras 
260 |a España  |b McGraw-Hill  |c 2004 
300 |a 334 p. :il. 
650 7 |a REDES DE COMUNICACION - DATOS 
650 7 |b  TECNOLOGIAS DE RED 
650 7 |c  COMUNICACION DE DATOS - CONMUTACION 
650 7 |d  PROTOCOLO - TRANSFERENCIA - FTP. I. Bush, Robert P, coaut. II. Ortimu, David J, coaut. II. Tít. 
942 |c BK  |2 ddc 
991 |a TEXTO 
999 |c 7125